000 00585nam a2200229Ia 4500
003 OSt
005 20220928114951.0
006 a|||||r|||| 00| 0
007 ta
008 220927b |||||||| |||| 00| 0 eng d
024 _a44150
037 _cTextual
040 _aSDCL
_cSDCL
_beng
041 _2eng
_aeng
082 _aX9.2'N93s, N3
100 _aIndia industry
_9442642
245 0 _aReport
260 _aNew Delhi
_bMinistry of Industry
_c1993
300 _ax,433p
_ccm.
942 _hX9.2'N93s, N3
_cTEXL
_2CC
999 _c757856
_d757856